Statistics for 漢字一文字の駅名

Click here to take the quiz!

General Stats

  • This quiz has been taken 839 times
    (399 since last reset)
  • The average score is 20 of 71

Answer Stats

HintAnswer% Correct
三重県
87%
広島県
62%
埼玉県
60%
大阪府
60%
千葉県・高知県
56%
千葉県
55%
福岡県
53%
北海道・大阪府
52%
広島県
51%
広島県
50%
静岡県・愛知県・香川県
48%
岐阜県・三重県
48%
山口線
44%
愛知県・三重県
41%
山口県
40%
愛知県・兵庫県・岡山県
37%
富山県
35%
新潟県
35%
福岡県
34%
大阪府
34%
富山県・三重県・鳥取県
34%
広島県
34%
栃木県・兵庫県
33%
栃木県
33%
福島県
32%
福島県
31%
徳島県
31%
兵庫県
30%
新潟県
28%
京都府
28%
大阪府
27%
北海道
27%
長野県
26%
京都府・大分県
26%
長野県
26%
岩手県
25%
大阪府
24%
兵庫県
24%
徳島県
23%
徳島県
23%
和歌山県椿
22%
福井県
22%
長野県・岐阜県
21%
岐阜県
20%
京都府
20%
愛媛県
20%
奈良県
20%
青森県
20%
山形県
19%
山梨県寿
19%
三重県
19%
長崎県
19%
兵庫県
18%
長崎県
17%
福岡県
17%
長野県
16%
茨城県
16%
三重県
15%
香川県
15%
熊本県
15%
熊本県
14%
鳥取県
14%
島根県
13%
福岡県
13%
福島県
13%
広島県
12%
滋賀県
12%
群馬県
11%
岐阜県
10%
熊本県
8%
栃木県
8%

Score Distribution

Percentile by Number Answered

Percent of People with Each Score

Your Score History

You have not taken this quiz since the last reset